One Piece- Les SMILE connus - Statistiques

Statistiques générales
  • Ce quiz a été pris 29 fois
  • Le résultat moyen est 25 sur 48
Statistiques - réponses
SMILE connus % Correct
SMILE du Lion
95%
SMILE de la Girafe
90%
SMILE du Cheval
90%
SMILE du Cheval
90%
SMILE du Cheval
90%
SMILE de la Gazelle
81%
SMILE du Gorille
81%
SMILE du Gorille
81%
SMILE du Grand Serpent Japonais
81%
SMILE du Serpent
81%
SMILE du Serpent
81%
SMILE du Serpent blanc
81%
SMILE de la Chauve-souris
76%
SMILE de la Souris
76%
SMILE de l'Eléphant
76%
SMILE de l'Hippopotame
76%
SMILE du Singe
71%
SMILE du Mouton
67%
SMILE du Scorpion
67%
SMILE du Scorpion
67%
SMILE de l'Alpaga
62%
SMILE du Loup
62%
SMILE du Tatou
57%
SMILE du Lapin
52%
SMILE du Coq
48%
SMILE du Rhinocéros
48%
SMILE du Papillon Machaon
43%
Smile du Scarabée Lucane
38%
SMILE du Scarabée Rhinocéros
38%
SMILE de l'Aigle
33%
SMILE de l'Autruche
33%
SMILE de l'Ecureuil Volant
33%
SMILE du Caiman
33%
SMILE du Crotale
33%
SMILE de la Couleuvre
29%
Smile de la Mante Religieuse
29%
SMILE du Carlin
29%
SMILE du Faucon Pèlerin
29%
SMILE de la Sauterelle Chinoise
24%
Smile de la Sauterelle Gastrimargus
24%
SMILE du Crabe
24%
SMILE du Frelon
19%
SMILE du Hérisson
19%
SMILE du Hibou
19%
SMILE du Hibou
19%
SMILE du Phasme
19%
SMILE du Python
14%
SMILE du Coléoptère du Caucase
10%
Aucun quiz correspondant
Distribution des résultats
% des personnes avec chaque résultat
Percentile par nombre de réponses
Votre historique - résultats
Vous n’avez pas pris ce quiz